000 00300 a2200145 4500
003 Nust
005 20170207153450.0
040 _cNust
082 _a891.4392
100 _aHijazi,Nasim
245 _aQasir-o-kisra
_cNasim Hijazi
260 _aLahore
_bjahangheer Book
300 _a735:p
650 _aNovel
942 _2ddc
_cBK
999 _c186830
_d186830